000 00426nam a2200157Ia 4500
008 231221s9999 xx 000 0 und d
020 _a9790000000000
041 _aEnglish
082 _a954.04 LAP;1 R
100 _aLapierre, Dominique. Collins, Larry. Das Gurucharan
245 0 _aFreedom at midnight
260 _c1997
_bVikas Publishing
_aNew Delhi
300 _alx+774
650 _aFreedom,midnight
942 _cBM
999 _c209612
_d209612